Movies Quiz

Random Movies or Letter Quiz
Score 0/20 Timer 05:00
1 Play Today
% Correct
Will Smith - Men in Black
96.1%
Ben Stiller - Night at the Museum
94.4%
Kristen Stewart - Twilight
93%
Maggie Smith - Harry Potter
92.8%
Patrick Stewart - X-Men
92%
James Stewart - It's a Wonderful Life
91.8%
Barbra Streisand - Funny Girl
91.2%
Hilary Swank - Million Dollar Baby
89.8%
Meryl Streep - The Iron Lady
88.8%
Sharon Stone - Basic Instinct
88.7%
% Correct
Wesley Snipes - Blade
87.8%
Adam Sandler - Big Daddy
87.3%
Kevin Spacey - The Usual Suspects
87.2%
Omar Sharif - Doctor Zhivago
82.8%
Charlie Sheen - Hot Shots!
81.6%
Emma Stone - The Help
81.2%
Arnold Schwarzenegger - Predator
80.4%
Peter Sellers - Dr. Strangelove
77.3%
Sylvester Stallone - Cobra
77%
Donald Sutherland - MASH
72.5%
Remove Ads.
Support Sporcle.
Get the best of Sporcle when you Go Orange. This ad-free experience offers more features, more stats, and more fun while also helping to support Sporcle. Thank you for becoming a member.

You're not logged in!

Compare scores with friends on all Sporcle quizzes.
OR
Log In

Sporcle TV

Today on Sporcle TV


Watch our educational content, quiz creation guides, and fun videos on Sporcle TV.

Show Comments

Extras

Top Quizzes Today


Score Distribution

Paid Content

Your Account Isn't Verified!

In order to create a playlist on Sporcle, you need to verify the email address you used during registration. Go to your Sporcle Settings to finish the process.

Report this User

Report this user for behavior that violates our Community Guidelines.

Details: